Southville International School and Colleges
Your cart is empty.
  • Cart
  • Lists
    Public lists Eva Luna New books Lux_list list_1
    Your lists Log in to create your own lists
  • Log in to your account
  • Your cookies
  • Search history
Southville International School and Colleges
  • Advanced search
  • Recent comments
  • Most popular
  • Libraries

Log in to your account

Log in with GOOGLE


If you do not have an external account, but do have a local account, you can still log in:

  1. Home
  2. MARC view: Taking social emotional learning schoolwide:
Normal view MARC view ISBD view

Taking social emotional learning schoolwide: (Record no. 364697)

[ view plain ]
MARC details
000 -LEADER
fixed length control field 00690nam a22002057a 4500
003 - CONTROL NUMBER IDENTIFIER
control field 1
005 - DATE AND TIME OF LATEST TRANSACTION
control field 20220302130133.0
008 - FIXED-LENGTH DATA ELEMENTS--GENERAL INFORMATION
fixed length control field 220302b xxu||||| |||| 00| 0 eng d
020 ## - INTERNATIONAL STANDARD BOOK NUMBER
International Standard Book Number 978-1-4166-2837-8
050 ## - LIBRARY OF CONGRESS CALL NUMBER
Classification number LB1072
Item number .H64 2020
100 ## - MAIN ENTRY--PERSONAL NAME
Personal name Hoerr, Thomas R.
Dates associated with a name 1945-
245 ## - TITLE STATEMENT
Title Taking social emotional learning schoolwide:
Remainder of title the formative five success skills for students and staff/
Statement of responsibility, etc Thomas R. Hoerr
260 ## - PUBLICATION, DISTRIBUTION, ETC. (IMPRINT)
Place of publication, distribution, etc Alexandria, Virginia:
Name of publisher, distributor, etc ASCD
Date of publication, distribution, etc c2020
300 ## - PHYSICAL DESCRIPTION
Extent 195 pp.
Dimensions 23 cm.
Accompanying material Includes bibliographical references and index
500 ## - GENERAL NOTE
General note Affective education.
500 ## - GENERAL NOTE
General note Social learning.
500 ## - GENERAL NOTE
General note School environment.
500 ## - GENERAL NOTE
General note Social aspects.
942 ## - ADDED ENTRY ELEMENTS (KOHA)
Source of classification or shelving scheme Library of Congress Classification
Koha item type Books
Holdings
Withdrawn status Lost status Source of classification or shelving scheme Damaged status Home library Current library Shelving location Date acquired Source of acquisition Sub Shelving location Total Checkouts Full call number Barcode Date last seen Price effective from Koha item type
    Library of Congress Classification   Luxembourg Library Luxembourg Library Genevive Ledesma - Tan Section 03/02/2022 Donation     LB1072 .H64 2020 20995 03/02/2022 03/02/2022 Books

Taking social emotional learning schoolwide:

APA

Hoerr T. R., . (2020). Taking social emotional learning schoolwide. Alexandria, Virginia: ASCD.

Chicago

Hoerr Thomas R, . 2020. Taking social emotional learning schoolwide. Alexandria, Virginia: ASCD.

Harvard

Hoerr T. R., . (2020). Taking social emotional learning schoolwide. Alexandria, Virginia: ASCD.

MLA

Hoerr Thomas R, . Taking social emotional learning schoolwide. Alexandria, Virginia: ASCD. 2020.

  • Place hold
  • Print
  • Cite
  • Add to your cart (remove)
  • Save record
    BIBTEX Dublin Core MARCXML MARC (non-Unicode/MARC-8) MARC (Unicode/UTF-8) MARC (Unicode/UTF-8, Standard) MODS (XML) RIS
  • More searches
    Search for this title in:
    Other Libraries (WorldCat) Other Databases (Google Scholar) Online Stores (Bookfinder.com) Open Library (openlibrary.org)

Exporting to Dublin Core...

SOUTHVILLE LIBRARY

Southville International School and Colleges Library

1281 Tropical Ave. Cor. Luxembourg St., BF Homes International, Las Pinas City

Tel. No. 8256374 / 252358 Loc. 117/146

Powered by Koha